| 000 | 01536nam0a2200325 4500 | ||
|---|---|---|---|
| 001 | RU\NLR\BIBL_A\011121359 | ||
| 005 | 20260406141655.0 | ||
| 010 |
_a978-5-98340-247-8 _9100 |
||
| 021 |
_aRU _b2016-31928 _92051 |
||
| 035 | _a(NILC)RuMoRGB-008459871 | ||
| 035 | _a(NLR Aleph) 011121359 | ||
| 090 |
_a11523403 _c11523403 |
||
| 100 | _a20160511d2010 |||y0rusy50 ca | ||
| 101 | 0 | _arus | |
| 102 | _aRU | ||
| 105 | _aac||z|||010yb | ||
| 200 | 1 |
_aПамяти Бориса Сергеевича Джелепова _eк столетию со дня рождения _fСанкт-Петербургский гос. ун-т, Физический фак. _gпод ред. А. К. Власникова |
|
| 210 |
_aСанкт-Петербург _cСоло _d2010 |
||
| 215 |
_a103 с. _cпортр., ил. _d21 |
||
| 600 | 1 |
_aДжелепов _bБ.С. _f1910 - 1988 _gБорис Сергеевич _jВоспоминания, записки и т.п _92292199 _3RU\NLR\AUTH\6601600103 |
|
| 675 | _a539.1 | ||
| 686 | 1 | _aВ38д(2)Джелепов | |
| 702 | 1 |
_4570 _aДжелепов _bБ. С. _f1910-1998 _gБорис Сергеевич _9160988 _3RU\NLR\AUTH\770161030 |
|
| 702 | 1 |
_aВласников _bА. К. _4340 |
|
| 712 | 0 | 2 |
_4570 _aСанкт-Петербургский государственный университет _bФизический факультет _9337631 _3RU\NLR\AUTH\889920722 |
| 801 | 0 |
_aRU _bРГБ _c20160418 _gRCR |
|
| 942 | _cBOOK | ||
| 980 | _aNB | ||